000 00884 a2200229 4500
999 _c4996
_d4996
020 _a9780805210156
050 0 0 _aN 352 VOL 1993
100 _aVolavkova, Hana
_eeditor
245 1 0 _aI never saw another butterfly :
_bchildren's drawings and poems from Terezn̕ Concentration Camp, 1942-1944 /
_cHana Volavkov.Ě€
250 _a2nd ed.
_bUnited States Holocaust Memorial Museum ; foreword by Chaim Potok ; afterword by Vaclav Havel.
264 _aNew York:
_bSchocken Books Inc,
_c1993
300 _a106 p. :
_bcol. (ill.)
500 _aNo index
650 0 _aChildren's art.
650 0 _aChildren's writings.
650 0 _aConcentration camps
650 1 _aChildren's art.
650 1 _aChildren's writings.
650 1 _aConcentration camps
856 4 2 _3Publisher description
_uhttp://www.loc.gov/catdir/description/random0410/92050477.html
942 _2lcc
_cBK
_h352
_iVOL
_kN